000 00702cam a2200253 4500500
005 20260405000242.0
041 _afre
042 _adc
100 1 0 _aNicolas, Ariane
_eauthor
245 0 0 _aComment convaincre le monde que vous êtes le patron ?
260 _c2023.
500 _a7
690 _aAutorité
690 _aCarrière
690 _aCommunication
690 _aConfiance en soi
690 _aLeadership
690 _aPerformance
690 _aRéputation
690 _aSoft skills
690 _aTravail
786 0 _nPhilonomist | - | 1 | 2023-01-06 | p. 72-77
856 4 1 _uhttps://shs.cairn.info/magazine-philonomist-2023-1-page-72?lang=fr&redirect-ssocas=7080
999 _c2035187
_d2035187